000
00281nam a22001217a 4500
020
_a
0131418831
100
_a
Paul M. Fishbane
245
_a
Physics for Scientists and Engineers
250
_a
3rd ed
260
_a
USA
_b
Pearson Prentica Hall
_c
2005
300
_a
607
942
_c
BK
999
_c
251134
_d
251134